QCM: Dates et faits historiques #1 - Statistiques

Statistiques générales
  • Ce quiz a été pris 1 035 fois
  • Le résultat moyen est 6 sur 15
Statistiques - réponses
Question Réponse % Correct
11 novembre 1918 Fin de la Première Guerre Mondiale
85%
15 mars en 44 av. J-C Assassinat de Jules César
77%
21 juillet 1969 Premier pas sur la Lune
77%
30 avril 1598 Signature de l'Edit de Nantes
59%
15 avril 1865 Assassinat d'Abraham Lincoln
48%
17 juillet 1918 Excécution sommaire de Nicolas II de Russie et de sa famille
48%
du 26 au 29 novembre 1812 Bataille de la Bérézina
46%
11 juin 323 av. J-C Décès d'Alexandre le Grand
44%
14 octobre 1066 Bataille de Hastings
41%
28 août 1963 Discours "I Have a Dream" par Martin Luther King
25%
5 juin 1305 Election de Clément V, premier pape à Avignon
23%
13 mars 1781 Découverte d'Uranus par William Herschel
20%
30 octobre 1974 Ali vs Foreman à Kinshasa (The Rumble in the Jungle)
17%
26 avril 1478 Conjuration des Pazzi
16%
21 août 1968 Ecrasement du Printemps de Prague
12%
Aucun quiz correspondant
Distribution des résultats
% des personnes avec chaque résultat
Percentile par nombre de réponses
Votre historique - résultats
Vous n’avez pas pris ce quiz